Horses up close / (Record no. 8300)

MARC details
000 -LEADER
fixed length control field 01043nam a22002657a 4500
001 - CONTROL NUMBER
control field 8300
003 - CONTROL NUMBER IDENTIFIER
control field FISKH
005 - DATE AND TIME OF LATEST TRANSACTION
control field 20250908152509.0
008 - FIXED-LENGTH DATA ELEMENTS--GENERAL INFORMATION
fixed length control field 250908b cb ||||| |||| 00| 0 eng d
020 ## - INTERNATIONAL STANDARD BOOK NUMBER
International Standard Book Number 9781433336171
040 ## - CATALOGING SOURCE
Original cataloging agency FISKH
Language of cataloging eng
Transcribing agency FISKH
Modifying agency FISKH
050 ## - LIBRARY OF CONGRESS CALL NUMBER
Classification number SF302.B539 EB
082 ## - DEWEY DECIMAL CLASSIFICATION NUMBER
Classification number 599.665
100 ## - MAIN ENTRY--PERSONAL NAME
Personal name Blazeman, Christopher
245 ## - TITLE STATEMENT
Title Horses up close /
Statement of responsibility, etc. Christopher Blazeman
260 ## - PUBLICATION, DISTRIBUTION, ETC.
Place of publication, distribution, etc. California :
Name of publisher, distributor, etc. Teacher Created Material,
Date of publication, distribution, etc. 2012.
300 ## - PHYSICAL DESCRIPTION
Extent 28 pages :
Other physical details color illustrations ;
Dimensions 20 cm
505 ## - FORMATTED CONTENTS NOTE
Formatted contents note N<br/>
520 ## - SUMMARY, ETC.
Summary, etc. There are seven million horses in the United States! Early readers will learn all about horses and stallions in this appealing nonfiction title that features vibrant photos, captivating facts, and simple, informative text. With a picture glossary and helpful definitions, readers will discover there is much to learn as they move from cover to cover.
521 8# - TARGET AUDIENCE NOTE
Target audience note 560<br/>
Source Lexile <br/>
521 8# - TARGET AUDIENCE NOTE
Target audience note N<br/>
Source Raz-Plus <br/>
650 ## - SUBJECT ADDED ENTRY--TOPICAL TERM
Topical term or geographic name entry element Non-fiction
942 ## - ADDED ENTRY ELEMENTS (KOHA)
Source of classification or shelving scheme Dewey Decimal Classification
Koha item type Books
Suppress in OPAC No
Holdings
Withdrawn status Lost status Source of classification or shelving scheme Damaged status Not for loan Collection Home library Current library Shelving location Date acquired Total Checkouts Full call number Barcode Date last seen Copy number Price effective from Koha item type
    Dewey Decimal Classification     Juvenile Fiction Footprints International School Library Network Toul Kork Campus Footprints International School Library Network Toul Kork Campus TK Primary Library Room(4th Floor), Bookcase 3&4, Shelves 17-32, Yellow Books 09/08/2025   BLA 599.665 SF302.B539 EB FISTK03584 09/08/2025 1 09/08/2025 Books